Manual de prácticas de máquinas eléctricas, para implementarse en Universidad Técnica Nacional: propuesta

محفوظ في:
التفاصيل البيبلوغرافية
المؤلف الرئيسي: Blanco Garay, Silvio B.
مؤلفون آخرون: Delgado Carvajal, Tony Eduardo, 1986- Director de Proyecto Eléctrico
التنسيق: كتاب
اللغة:Spanish
منشور في: [San José], Costa Rica 2013
الموضوعات:
الوسوم: إضافة وسم
لا توجد وسوم, كن أول من يضع وسما على هذه التسجيلة!

MARC

LEADER 00000nam a22000007a 4500
003 011941
005 20230818092605.0
008 150310b2013 cr a|||| |||| 00| ||spa d
040 |c cru CEDI  
100 |9 405  |a Blanco Garay, Silvio B. 
245 |a Manual de prácticas de máquinas eléctricas, para implementarse en Universidad Técnica Nacional: propuesta  
260 |a [San José], Costa Rica  |c  2013 
300 |a  xvi, 85 páginas : ilustraciones 
500 |a Proyecto de graduación (bachillerato en ingeniería eléctrica)--Universidad de Costa Rica. Facultad de Ingeniería. Escuela de Ingeniería Eléctrica 
501 |a Profesor Guía de IE-0499 Proyecto Eléctrico: Ing. Tony Eduardo Delgado Carvajal 
650 |x MAQUINAS ELECTRICAS   |x TRANSFORMADORES ELECTRICOS  |9 406 
700 |9 723  |a Delgado Carvajal, Tony Eduardo, 1986-  |d Director de Proyecto Eléctrico  
942 |c CEDI  |h TFG 7107  |6 TFG_7107_000000000000000 
999 |c 13674  |d 13674